000 00467nam a22001937a 4500
003 OSt
005 20211002094823.0
008 211002b |||||||| |||| 00| 0 eng d
020 _a9788131729717
040 _cHU
050 _a1
082 _212TH/ED
_a658.4012/WHE
100 _aTHOMAS L. WHEELEN
_99260
245 _aCONCEPTS IN STRATEGIC MANAGEMENT NAD BUSINESS POLICY
250 _a1
260 _aINDIA
_bINC
_c2010
300 _a473
942 _2ddc
_cBOOKS
_n0
999 _c8641
_d8641